| 000 | 01734nam a22004577a 4500 | ||
|---|---|---|---|
| 003 | CHAP | ||
| 005 | 20220817044352.0 | ||
| 008 | 100819s2010 mx r 00010 spa d | ||
| 010 | _a99103 | ||
| 011 | _a100075 | ||
| 035 | _a110761 | ||
| 040 | _cCHAP | ||
| 090 | _aTesis | ||
| 100 | 0 | 0 |
_aBaltazar Nieto, Fabián Javier. _99776 |
| 245 | 1 | 0 |
_aAgricultura, conocimiento tradicional y transformaciones socioculturales del totonacapan _c/por Fabián Javier Baltazar Nieto |
| 260 |
_aChapingo, Méx. : _bEl autor, _c2010 |
||
| 300 |
_axi, 207 h. : _banexos, cuadros, ilus. , mapas |
||
| 502 | _aTesis (D.C. en Ciencias Agrarias) -- UACH. Departamento de Sociología Rural | ||
| 530 | _aTambién disponible en línea | ||
| 590 |
_aALEPH _b10 _c20130110 _lUCH01 _h1535 |
||
| 590 |
_aBATCH-UPD _b10 _c20130110 _lUCH01 _h1009 |
||
| 590 |
_aBATCH-UPD _b10 _c20130410 _lUCH01 _h0617 |
||
| 590 |
_aBATCH-UPD _b10 _c20130913 _lUCH01 _h2227 |
||
| 590 |
_aBATCH-UPD _b10 _c20140324 _lUCH01 _h1519 |
||
| 590 |
_aBATCH-UPD _b10 _c20141002 _lUCH01 _h0844 |
||
| 590 |
_aBATCH _b00 _c20181121 _lUCH01 _h0758 |
||
| 590 |
_aCONVERSION _b10 _c20130109 _lUCH01 _h1355 |
||
| 650 | 1 | 4 | _aAgricultura sustentable. |
| 650 | 1 | 4 |
_aAgricultura tradicional. _92029 |
| 650 | 1 | 4 |
_aCosmología. _928452 |
| 650 | 1 | 4 |
_aCultivos _xVariedades _xPuebla. _930334 |
| 650 | 1 | 4 |
_aMitos. _976250 |
| 650 | 1 | 4 |
_aSistemas de cultivo _xPuebla. _9106752 |
| 650 | 1 | 4 |
_aTotonacas. _9114360 |
| 856 |
_3Finding aid _uhttp://10.13.5.2/tesis/110761.pdf _zTeclea aqui |
||
| 856 |
_a1 _n0000714 |
||
| 901 | _aBK | ||
| 942 | _cFOLL | ||
| 949 |
_aTesis _bBC _cTES _d33724002214736 _eTS1 _gDonaciØn _h50986 _i110761 _sb |
||
| 949 |
_aTesis _bBC _cTES _d33724002214777 _eTS2 _fc.2 _gDonaciØn _h50987 _i110761 _sb |
||
| 999 |
_c99103 _d99103 |
||